000 00480cam a22001577a 4500
008 180718b2008 xxu||||| |||| 00| 0 eng d
020 _a9780415459068
082 _aB142 C816
245 _aThe politics of rights: dilemmas for feminist praxis
_cedited by Andrea Cornwall and Maxine Molyneux
260 _aOxon
_bRoutledge
_c2008
300 _a174p.
650 _aRights-based development
650 _aFeminist praxis
700 _aMolyneux, Maxine
700 _aCornwall, Andrea
999 _c426527
_d426527